Estadísticas para Cuenta hasta 50 en 15 segundos - Imposible

Haz click aquí para intentar la prueba.

Estadísticas generales

  • Esta prueba ha sido intentada 919 veces
  • La puntuación promedio es 26 de 50

Estadísticas de respuestas

#% Correcto
1
100%
2
99%
3
97%
4
97%
5
96%
6
96%
7
96%
8
95%
9
95%
10
93%
11
90%
12
86%
13
85%
14
85%
15
85%
16
84%
17
82%
18
80%
19
78%
20
69%
21
66%
22
62%
23
59%
24
57%
25
54%
26
53%
27
50%
28
48%
29
43%
30
40%
31
34%
32
34%
33
28%
34
25%
35
23%
36
22%
37
18%
38
18%
39
16%
40
11%
41
9%
42
6%
43
6%
44
6%
45
5%
46
4%
47
3%
48
2%
49
2%
50
2%

Distribución de puntuación

Porcentaje por número respondido

Porcentaje de gente con cada puntuación

Historial de tus puntuaciones

No has intentado esta prueba.